书目信息 |
| 题名: |
新题型大学英语四级听力高分突破
|
|
| 作者: | ;全国大学英语四、六级考试命题研究组 编 | |
| 分册: | ||
| 出版信息: | 杭州 浙江大学出版社 2015.01 |
|
| 页数: | 114页 | |
| 开本: | 26cm | |
| 丛书名: | 创新考试英语系列 | |
| 单 册: | ||
| 中图分类: | H319.9 | |
| 科图分类: | ||
| 主题词: | 英语--ying yu--听力--高等学校--教学参考资料 | |
| 电子资源: | ||
| ISBN: | 978-7-308-14207-6 | |
| 000 | 01113nam 2200265 450 | |
| 001 | CAL 0120151506798 | |
| 005 | 20150823173553.87 | |
| 010 | @a978-7-308-14207-6@dCNY22.00 (含光盘) | |
| 010 | @a978-7-89490-901-5@b光盘 | |
| 100 | @a20150213d2015 em y0chiy50 ea | |
| 101 | 0 | @achi |
| 102 | @aCN@b330000 | |
| 106 | @ar | |
| 200 | 1 | @a新题型大学英语四级听力高分突破@Axin ti xing da xue ying yu si ji ting li gao fen tu po@f全国大学英语四、六级考试命题研究组编 |
| 210 | @a杭州@c浙江大学出版社@d2015.01 | |
| 215 | @a114页@d26cm@e光盘1片 | |
| 225 | 2 | @a创新考试英语系列@Achuang xin kao shi ying yu xi lie |
| 330 | @a本书共分为四级听力高分策略、模拟试题、模拟试题答案与原文听力共三部分, 主要内容包括: 《大学英语教学大纲》对听力的要求、短对话对策与技巧、长对话、短文理解、短文听写。 | |
| 410 | 0 | @12001 @a创新考试英语系列 |
| 586 | @a | |
| 606 | 0 | @a英语@Aying yu@x听力@x高等学校@j教学参考资料 |
| 690 | @aH319.9@v5 | |
| 711 | 02 | @a全国大学英语四、六级考试命题研究组@Aquan guo da xue ying yu si 、liu ji kao shi ming ti yan jiu zu@4编 |
| 801 | 0 | @aCN@c20150820 |
| 905 | @a河南城建学院图书馆@dH319.9@eQ870@f3 | |
| 新题型大学英语四级听力高分突破/全国大学英语四、六级考试命题研究组编.-杭州:浙江大学出版社,2015.01 |
| 114页;26cm+光盘1片.-(创新考试英语系列) |
| ISBN 978-7-308-14207-6:CNY22.00 (含光盘) |
| 本书共分为四级听力高分策略、模拟试题、模拟试题答案与原文听力共三部分, 主要内容包括: 《大学英语教学大纲》对听力的要求、短对话对策与技巧、长对话、短文理解、短文听写。 |
| ● |
| 相关链接 |
|
|
|
正题名:新题型大学英语四级听力高分突破
索取号:H319.9/Q870
 
预约/预借
| 序号 | 登录号 | 条形码 | 馆藏地/架位号 | 状态 | 备注 |
| 1 | 1169950 | 211699508 | 语言库209/209语言库 106排1列5层/ [索取号:H319.9/Q870] | 在馆 | |
| 2 | 1169951 | 211699517 | 语言库209/209语言库 106排1列5层/ [索取号:H319.9/Q870] | 在馆 | |
| 3 | 1169952 | 211699526 | 语言库209/209语言库 106排1列5层/ [索取号:H319.9/Q870] | 在馆 |